AH International Schools' Libraries

Splat the cat makes dad glad / (Record no. 49519)

MARC details
000 -LEADER
fixed length control field 00326nam a2200121 4500
020 ## - INTERNATIONAL STANDARD BOOK NUMBER
International Standard Book Number 9780062115973
100 ## - MAIN ENTRY--PERSONAL NAME
Personal name Scotton, Rob
9 (RLIN) 24735
245 ## - TITLE STATEMENT
Title Splat the cat makes dad glad /
Statement of responsibility, etc Rob Scotton
260 ## - PUBLICATION, DISTRIBUTION, ETC. (IMPRINT)
Place of publication, distribution, etc USA
Name of publisher, distributor, etc HarperCollins Publishers
Date of publication, distribution, etc 2014
300 ## - PHYSICAL DESCRIPTION
Extent 28 p.
Other physical details col.ill.
Dimensions 23 cm.
490 ## - SERIES STATEMENT
Series statement I can read
942 ## - ADDED ENTRY ELEMENTS (KOHA)
Source of classification or shelving scheme
Koha item type Book
Holdings
Withdrawn status Lost status Source of classification or shelving scheme Damaged status Not for loan Collection code Home library Current library Date acquired Total Checkouts Full call number Barcode Date last seen Date checked out Price effective from Koha item type
          Primary Asian Hope Primary Library Asian Hope Primary Library 09/05/2025 6 X SCO 208852 02/10/2026 02/03/2026 09/05/2025 Book

For any Logos Library related questions please contact Miss Art at swongnarasuk@asianhope.org.

For any Asian Hope Library related questions please contact Miss Raza at graza@asianhope.org.

Powered by Koha